000 00568nam a22001697a 4500
003 OSt
005 20260206153541.0
008 260206b |||||||| |||| 00| 0 eng d
040 _cMRSPTU
041 _aEnglish
100 _aRachit Goyal, Supervisor: Dr. Sanjiv Aggarwal
245 _aEffect of Fly Ash and Rice Husk Ash on Strength Characteristics of Pavement Quality Concrete
260 _bDepartment of Civil Engg. MRSPTU, Bathinda
_c2014
650 _aCivil Engineering
856 _uhttp://163.47.215.52:8080/jspui/handle/123456789/1083
942 _2ddc
_cTH
_n0
999 _c10861
_d10861